00585 2200217 4500001002100000005001700021008004100038020001800079035002400097090002000121245006200141250001100203260002100214300002500235440002000260650002300280711002400303850001200327985000600339999002200345YOGYA-0209000004550720090227030907.0 ind  a979-21-1183-3 0010-020900000045507 a155.4bMenlDEP aMENEPIS hambatan tumbuh kembang anakcTim Pustaka Familia aCet. 1 aYogyakartac2006 a148 hlmbilusc21 cm aPustaka Familia aAnak, perkembangan aTim Pustaka Familia aYOPDYOG a1 a2006-069h CB-D.11